Statistics for Countries bordering Germany 1943

Click here to take the quiz!

General Stats

  • This quiz has been taken 49 times
  • The average score is 6 of 10

Answer Stats

HintAnswer% Correct
AsiaSoviet union
86%
EuropeSpain
81%
EuropeItaly
79%
EuropeSweden
69%
AsiaTurkey
69%
AfricaFrance
67%
EuropeRomania
57%
EuropeHungary
55%
EuropeBulgaria
52%
AfricaUnited Kindom
2%

Score Distribution

Percentile by Number Answered

Percent of People with Each Score

Your Score History

You have not taken this quiz